Normal view MARC view
  • González Molina, Gabriel

Entry Nombre Personal

Number of records used in: 1

001 - NUMERO DE CONTROL

  • campo de control: 50513

003 - IDENTIFICADOR DE NUMERO DE CONTROL

  • campo de control: DLC

005 - FECHA Y HORA DE LA ÜLTIMA TRANSACCIÓN

  • campo de control: 20231101085631.0

008 - DATOS DE LONGITUD FIJA

  • campo de control de longitud fija: 010212n| acannaabn || aaa c

010 ## - NÚMERO DE CONTROL DE LA BIBLIOTECA DEL CONGRESO

  • Número de control LC: no2001011762

035 ## - NUMERO DE CONTROL

  • Número de control: (OCoLC)oca05415685

040 ## - FUENTE DE CATALOGACIÓN

  • Agencia original de catalogación: NmU
  • Lenguaje de catalogación: spa
  • Agencia de transcripción: NmU
  • Agencia que lo modifica: MX-MxUPN

100 1# - ENCABEZAMIENTO - NOMBRE PERSONAL

  • Nombre personal: González Molina, Gabriel

670 ## - FUENTE EN LA QUE SE LOCALIZARON DATOS

  • Cita de la fuente: Cómo ganar las elecciones, 2000:
  • Información localizada: portada (Gabriel González Molina) solapa (Ph.D., University of Leicester Centre for Mass Communication Research)

670 ## - FUENTE EN LA QUE SE LOCALIZARON DATOS

  • Cita de la fuente: Switchers S1 y S2 : electores para ganar en 2018, 2017:
  • Información localizada: portada (Gabriel González Molina)

902 ## - CATALOGADOR

  • Catalogador: Víctor Ruiz/011123